000 00817nam a22003130a 4500
001 PT32537
003 AR-LpoUNG
005 20210201010711.0
008 201001s2007||||ag |||||||||||||||||spa d
020 _a9789502315812
_c$4.45
040 _aAR-LpoUNG
_bspa
_eaacr
041 _aspa
044 _aag
082 0 _a909 186ori
100 1 _aCampagno, Marcelo
245 1 3 _aEl origen de los primeros estados :
_bla "revolución urbana" en América precolombina
250 _a1ra ed.
260 _aBuenos Aires :
_bEUDEBA,
_c2007.
300 _a117 p. :
_bmapas, fot.
_3Impreso
490 0 _aCiencia joven ;
_vv.24
650 4 _aAMERICA LATINA
650 4 _aHISTORIA
650 4 _aMEDIO URBANO
650 4 _aURBANISMO
651 4 _aMundial
653 _aINSERCION
905 _a32537
942 _cLIB
999 _c52385
_d52385